000 00325nam a2200121Ia 4500
008 190722s9999 xx 000 0 und d
020 _a978-81-265-3131-8
100 _aUma Sekaran
245 0 _aResearch Methods for Business a Skill Building approach
260 _aNew Delhi
_bJohn Wiley
_c2014
300 _a468
942 _cBK
999 _c739
_d739